| 000 | 00526nam a2200181Ia 4500 | ||
|---|---|---|---|
| 003 | LK-CoDNM | ||
| 008 | 010623t1979 xxu||||| |||| 00| 1 sin d | ||
| 040 |
_aLK-CoDNM _dLK-CoDNM _eLK-CoDNM |
||
| 041 | _asin | ||
| 080 |
_a8 C-2 _bKAR |
||
| 100 | _aKariyawasam, Tissa | ||
| 245 | _aසිංහල නාට්ය යේ විකාශනය 1867-1911 | ||
| 246 | _aSinhala natyayee vikashanaya 1867-1911 | ||
| 260 |
_bPradeepa prakashakayo _aColombo _c1979 |
||
| 300 | _b215, 21.5 cm | ||
| 650 | _aDrama | ||
| 942 | _cBK | ||
| 999 |
_c111082 _d111082 |
||